00455 2200181 4500001002100000008004100021035002000062245006400082100002100146250000600167260002900173300001200202084001400214082000800228650001300236990001200249990001200261INLIS000000000000789 ind  a0010-0524000024 aCara Cespleng Pintar Matematika X, XI, XIIcTaufik Paryanto aParyanto, Taufik a1 aYogyakarta :bAndic2015 a262 hlm a510 TAU c a510 aNonFiksi a0740427 a0740428